Responses for Show #3024 - Thursday, October 23, 1997

Contestants

[<< previous game]

Chris Hackett, a computer graphic designer from New York City, New York

Eileen Heckel, a homemaker from Whittier, California

Laura Hansen, a political consultant from Washington, D.C. (whose 1-day cash winnings total $8,500)

[next game >>]

Jeopardy! Round responses

MYTHS & LEGENDS
SPORTS
THE MODEL T
UNREAL ESTATE
WHERE THERE'S A WILL...
THERE'S A "WAY"
    $100 1
Arthur

Laura
    $100 7
Tiger Woods

Laura
    $100 27
Henry Ford

Laura
    $100 12
Oz

Chris
    $100 6
Babe Ruth

Eileen
    $100 21
The Appian Way

Chris
    $200 2
Shinto

Laura
    $500 16
Minneapolis

Eileen
    $200 13
Lilliput

Chris
    $200 8
John Lennon

Chris
    $200 22
Milky Way

Chris
    $300 3
Pecos Bill

Laura
    $300 17
Detroit Red Wings

Triple Stumper
    $300 29
(buzzer sounds)

Model A

Chris
    $300 14
George Eliot

Triple Stumper
    $300 9
Benjamin Franklin

Chris
    $300 23
(one minute to go....)

My Way

Chris
    $400 4
Loki

Chris
    $400 18
Bowling

Eileen
    $400 26
"Tin Lizzie"

Eileen
    $400 15
(L: What is Wisconsin?)

Minnesota

LauraEileen
    $400 10
Jacqueline Kennedy Onassis

Laura
    $400 24
Ways and Means Committee

Chris
    $500 5
Cerberus

Triple Stumper
    $500 19
(E: What is luge?)
(Alex: Luge is only 1 or 2)

Bobsled

LauraEileen
    $500 28
"Mother-In-Law Seat"

Laura
    $500 20
Erewhon

Triple Stumper
    $500 11
(L: Who is Brennan?)
(C: Who is Earl Warren?)
(Alex: Mr. Brennan was not Chief Justice)

Warren Burger

LauraChris
Triple Stumper
    $500 25
Tales of a Wayside Inn

Triple Stumper

Scores at the first commercial break (after clue 15):

Laura Eileen Chris
$200 $500 $700

Scores at the end of the Jeopardy! Round:

Laura Eileen Chris
$1,300 $1,300 $2,000

Double Jeopardy! Round responses

SMALL CAPITALS
THE "I"s HAVE IT
BURT REYNOLDS
INSURRECTIONS
GONE TO THE DOGS
TREES
    $200 2
Victoria

Laura
    $200 8
Ishtar

Eileen
    $200 26
(with less than a minute to go...)

Football

Chris
    $200 21
Virginia

Chris
    $200 16
Dachshund

Chris
    $200 1
Needles

Eileen
    $400 3
Monaco

Eileen
    $400 9
Ignition

Eileen
    $400 29
(C: What is Playgirl?)

Cosmopolitan

EileenChris
    $400 22
Hawaii

Chris
    $400 17
Wolfhound

Laura
    $400 7
Prune

Chris
    $600 4
Port-of-Spain

Laura
    $600 10
Intestate

Chris
    $600 27
Smokey And The Bandit

Laura
    $600 23
Easter Rebellion

Triple Stumper
    $600 18
Basenji

Eileen
    $1,000 13
Joshua tree

Chris
    $800 5
(C: What is Andorra?)
(E: What is Vatican City?)

San Marino

EileenChris
Triple Stumper
    $800 11
Isometric

Chris
    $800 30
The Best Little Whorehouse in Texas

Eileen
    $800 24
Philippines

Eileen
    $800 19
Akita

Eileen
    $800 14
Tulip tree

Chris
    $1000 6
(C: What is Iwo Jima?)

Guadalcanal

Chris
Triple Stumper
    $1000 12
Ignorance

Chris
    $400 28
(L: I don't know)

Deliverance

Laura
    $1000 25
Whiskey Rebellion

Chris
    $1000 20
Corgi

Laura
    $1000 15
Evergreen

Eileen

Scores at the end of the Double Jeopardy! Round:

Laura Eileen Chris
$3,700 $6,100 $6,400

[wagering suggestions for these scores]

Final Jeopardy! Round responses

MILITARY NEWS
LauraWhat is Kuwait?
$0
EileenWhat is Korea
$2,300
ChrisWhat is Japan
$6,000
(South) Korea

Final scores:

Laura Eileen Chris
$3,700 $8,400 $400
2nd place: Trip to Mount Airy Lodge in the Pennsylvania Poconos New champion: $8,400 3rd place: Monorail Desktop PC

Game dynamics:

Coryat scores:

Laura Eileen Chris
$4,100 $5,800 $6,000
13 R,
3 W
(including 1 DD)
15 R
(including 1 DD),
2 W
21 R
(including 1 DD),
4 W

Combined Coryat: $15,900

[game] [game scores] [suggest correction]

Game tape date: Unknown
The J! Archive is created by fans, for fans. Scraping, republication, monetization, and malicious use prohibited; this site may use cookies and collect identifying information. See terms. The Jeopardy! game show and all elements thereof, including but not limited to copyright and trademark thereto, are the property of Jeopardy Productions, Inc. and are protected under law. This website is not affiliated with, sponsored by, or operated by Jeopardy Productions, Inc. Join the discussion at JBoard.tv.